LIBRARY & INFORMATION CENTRE, KCAET, TAVANUR

ONLINE PUBLIC ACCESS CATALOGUE (OPAC)

Normal view MARC view
  • Imms , A D

Entry Personal Name

Number of records used in: 1

001 - CONTROL NUMBER

  • control field: 5916

003 - CONTROL NUMBER IDENTIFIER

  • control field: OSt

005 - DATE AND TIME OF LATEST TRANSACTION

  • control field: 20240213145942.0

008 - FIXED-LENGTH DATA ELEMENTS

  • fixed length control field: 240213|| aca||aabn | a|a d

040 ## - CATALOGING SOURCE

  • Original cataloging agency: OSt
  • Transcribing agency: OSt

100 ## - HEADING--PERSONAL NAME

  • Personal name: Imms , A D

670 ## - SOURCE DATA FOUND

  • Source citation: Work cat.: (OSt)21: Imms , A D ., General Text book of entomology / , 1963.
free website counter